| 000 | 00610nam a2200193Ia 4500 | ||
|---|---|---|---|
| 008 | 151121s9999||||xx |||||||||||||| ||und|| | ||
| 082 | _a813/अकोळ | ||
| 082 | _bHNW-115796 | ||
| 100 | _aअकोळकर अविनाश | ||
| 245 | _aतीन एक्के | ||
| 260 | _bअभिनंदन प्रकाशन कोल्हापूर | ||
| 260 | _c2014 | ||
| 300 | _a296 | ||
| 600 | _aअकोळकर अविनाश | ||
| 630 | _aतीन एक्के | ||
| 700 | _aअकोळकर अविनाश | ||
| 730 | _aतीन एक्के | ||
| 942 | _cBOOK | ||
| 999 |
_c1264494 _d1264491 |
||